=LDR 00000nam 2200000 4500 =001 INLIS000000000053746 =005 20190204091700 =035 ##$$a 0010-0219000003 =007 ta =008 190204###########################0###### =082 ##$$a 646.4 =084 ##$$a 646.4 SAN r =100 #$$a Sanny Poespo =245 1#$$a Reka usana muslim Gamish Modis /$c Sanny Poespo =260 ##$$a Jakarta :$b Gramedia Pustaka utama,$c 2006 =300 ##$$a 61 hlm. : $b ilus. ; $c 25 Cm. =650 ##$$a Penjahit Pakaian Muslim =700 #$$a Nana I Lystiani =504 ##$$a Biografi hlm.62 =990 ##$$a 01710171 =990 ##$$a 31800192